000
00265nam a2200121Ia 4500
008
190216s9999||||xx |||||||||||||| ||und||
100
_a
Ramesh Chandra Shah
245
0
_a
Hindi-Samay Samavathi
260
_b
Surya
300
_a
208
650
_a
Hindi
942
_c
BK
999
_c
16220
_d
16220